Word Ladder: Trek Into Darkness Quiz Stats

 Plays Quiz Updated Jun 28, 2015

Challenge
Share
Tweet
Embed
Score 0/14 Timer 01:30
8 Plays Today
Hint 4-Letter Word % Correct
To organize by typeSORT
92.6%
Home for shipsPORT
92.6%
Like muscles after workoutSORE
92%
Online conversationCHAT
91.8%
Pronoun used to identify a specific thingTHAT
89%
✵ Star Trek protagonist ✵ KIRK
84.8%
Male parent of a horseSIRE
83.5%
Hint 4-Letter Word % Correct
Mammal nippleTEAT
83.4%
Mossy soil-like materialPEAT
80.9%
Desperate or urgentDIRE
80.7%
Jaunty, high-spirited, vivaciousPERT
79.6%
Detective CharlieCHAN
79.1%
Short daggerDIRK
76.7%
✵ Star Trek antagonist ✵ KHAN
69.6%

Today's Daily Dose

Missing Word
Entertainment 'M'

Word Ladder
North Carolina

On This Day
January 16th II

You're not logged in!

Compare scores with friends on all Sporcle quizzes.
OR
Log In

You Might Also Like...

Show Comments

Extras

Top Quizzes Today


Score Distribution

Your Account Isn't Verified!

In order to create a playlist on Sporcle, you need to verify the email address you used during registration. Go to your Sporcle Settings to finish the process.

Report this User

Report this user for behavior that violates our Community Guidelines.

Details: